000 01217nas a2200373 4500
001 BR9801377
003 BR-BrBNA
005 20231205100933.0
007 ta
008 230509b bl.|||p| |||| 00| 00por d
040 _aBR-BrBNA
_bpor
_cBiblioteca Nacional de Agricultura
041 _a(Pt)
072 _aL70
100 1 _aEurides, D.
100 1 _aMazzanti, A.
100 1 _aBelleti, M.E.
100 1 _aSilva, L.A.F. da
100 1 _aFioravante, M.C.S.
100 1 _aTrancoso Neto, N.S.
100 1 _aCampos, V.A. de
100 1 _aLemos, R.C.
100 1 _aSilvestrini Junior, P.L.
245 1 _aMorfologia e morfologia da reparacao tecidual de feridas cutaneas de camundongos tratadas com solucao aquosa de barbatimao (Stryphynodendron barbatiman martius)
650 _aExperiencia de Laboratorio
650 _aCamundongo
650 _aAnimal de Laboratorio
650 _aLesao
650 _aCicatrizacao
650 _aBarbatimao
650 _aPlanta Medicinal
773 0 _tRevista da Faculdade de Zootecnia, Veterinaria e Agronomia (Brazil)
_xISSN 0104-4257
_g(Jan-Dec 1995-1996), v. 2-3(1) p. 37-42
_wBR9801377
909 _a202311
_bLúcia
_c55
_dLúcia Elande
942 _2AGRIS
_n0
_cANA
999 _c158895
_d158895